First Aid For You & Me/ (Record no. 206832)

MARC details
000 -LEADER
fixed length control field 00542nam a22001937a 4500
005 - DATE AND TIME OF LATEST TRANSACTION
control field 20241028161131.0
010 ## - LCCN (DPL NO)
LC control number ENG-142497
020 ## - INTERNATIONAL STANDARD BOOK NUMBER
Terms of availability 250.00
International Standard Book Number 9789387162938
035 ## - SYSTEM CONTROL NUMBER
System control number EN-126029
037 ## - SOURCE OF ACQUISITION
Source of stock number/acquisition DBAD
082 ## - DEWEY DECIMAL CLASSIFICATION NUMBER
Classification number 616.0252
Edition number 4
100 ## - MAIN ENTRY--PERSONAL NAME
Personal name Mohapatra, R.
245 ## - TITLE STATEMENT
Title First Aid For You & Me/
Statement of responsibility, etc By R. Mohapatra
250 ## - EDITION STATEMENT
Edition statement 4
260 ## - PUBLICATION, DISTRIBUTION, ETC. (IMPRINT)
Date of publication, distribution, etc 2022
Name of publisher, distributor, etc Academic Publishers
Place of publication, distribution, etc Kolkatta
270 ## - ADDRESS
Address 5A Bhawani Dutta Lane
City Kolkatta
Postal code 700073
300 ## - PHYSICAL DESCRIPTION
Extent xvi,344p
Dimensions 21cm(pb)
942 ## - ADDED ENTRY ELEMENTS (KOHA)
Source of classification or shelving scheme Dewey Decimal Classification
Item type English Books
Classification part 616.0252
Call number suffix MOH
Holdings
Withdrawn status Lost status Not for loan Collection code Home library Current library Date acquired Source of acquisition Cost, normal purchase price Full call number Barcode Copy number Cost, replacement price Koha item type
      Non-fiction Bawana Bawana 28/10/2024 Delivery of Books Act Division 250.00 616.0252 MOH EN-126029 1 250.00 English Books

© Delhi Public Library
Hit Counter
free hit counter